| 000 | 01346nam0a22002411 4500 | ||
|---|---|---|---|
| 001 | rc\287572 | ||
| 005 | 20030307121019.0 | ||
| 035 | _a(NLR Aleph) 005519280 | ||
| 090 |
_a5490571 _c5490571 |
||
| 100 | _a20030307d1990 u |0rusy50 ca | ||
| 101 | 0 | _arus | |
| 102 | _aRU | ||
| 105 | _aa ||||||||| | ||
| 200 | 1 |
_aОрганизация международных валютно-кредитных отношений _eЛекция (для слушателей фак. повышения квалификации и переподгот. руководящих кадров) _fМ-во нар. образования БССР, Межотрасл. ин-т повышения квалификации и переподгот. руководящих кадров при Белорус. гос. ин-те нар. хоз-ва им. В.В. Куйбышева |
|
| 210 |
_aМинск _cМежотрасл. ин-т повышения квалификации и переподгот. руководящих кадров при Белорус. гос. ин-те нар. хоз-ва _d1990 |
||
| 215 |
_a[1], 27 с. _cсхем. _d20 |
||
| 320 | _aБиблиогр.: с. 27 | ||
| 700 | 1 |
_aДенисова _bК. Г. _gКира Гавриловна |
|
| 801 | 0 |
_aRU _bNLR _gpsbo |
|
| 801 | 1 |
_aRU _bELAR _2rusmarc |
|
| 852 |
_aNLR _j90-4/7064 |
||
| 942 | _cBOOK | ||
| 980 | _aNB | ||